01298nam a2200253Ia 4500003000900000008004100009020001800050040001600068080002200084111020600106245030200312260005300614300002300667650004100690650002200731650001400753650002900767650003300796700003200829700002900861942000700890999001700897952013000914IN-BaIIA211028s9999 xx 000 0 eng d a0-89766-708-5 cIIA Library a524.834(063)bREL aTexas/ European Southern Observatory/-Symposium Artificial Intelligence for Science, Industry Symposium on Relativistic Astrophysics, Cosmology and Fundamental PhysicscBrightond1991 Dec. 16-21919366 0aRelativistic Astrophysics, cosmology and fundamental Physicsbproceedings of Texas/ ESO/-Symposium Artificial Intelligence for Science, Industry Symposium on Relativistic Astrophysics, cosmology and fundamental Physics, held in Brighton, UK, 16-21 Dec 1991cedited by John D Barrow and Leon Mestel aNew YorkbThe New York Academy of Sciencesc1991 a[various pagings.] aAstronomy and Astrophysics thesaurus aAstrophysics9794 aCosmology aGeneral Relativity93824 aRelativistic cosmology96459 aBarrow, John D., ed.919367 aMestel, Leon.,ed.919368 cBK c11295d11295 00104070aBANbBANcGENd1995-03-20g3128.40l0o524.834(063)/ RELp12210r2021-11-05v3128.40w1995-03-20yBKGRs. 3128.40